| 000 | 00672nam a2200121Ia 4500 | ||
|---|---|---|---|
| 008 | 220615s9999||||xx |||||||||||||| ||und|| | ||
| 100 | _aHeraclides, Alexis||Dialla, Ada | ||
| 245 | 0 |
_aHumanitarian Intervention in the Long Nineteenth Century _bSetting the Precedent |
|
| 546 | _aEnglish[eng] | ||
| 650 | _aHistory||Philanthropy||charity||international relations||modern history||sociology||Humanitarian intervention||Ottoman Empire||Russia | ||
| 856 | _uhttps://library.oapen.org/bitstream/20.500.12657/31416/1/628392.pdf||https://library.oapen.org/bitstream/20.500.12657/31416/1/628392.pdf||https://library.oapen.org/bitstream/20.500.12657/31416/1/628392.pdf | ||
| 942 | _cEB | ||
| 999 |
_c16069 _d16069 |
||